Apertura / (Record no. 11190)

MARC details
000 -LEADER
fixed length control field 02208nas a22002897a 4500
005 - DATE AND TIME OF LATEST TRANSACTION
control field 20251229134815.0
007 - PHYSICAL DESCRIPTION FIXED FIELD--GENERAL INFORMATION
fixed length control field cr
008 - FIXED-LENGTH DATA ELEMENTS--GENERAL INFORMATION
fixed length control field 251229c1991 mx |||p| |||| 00| 0 spa d
022 ## - INTERNATIONAL STANDARD SERIAL NUMBER
International Standard Serial Number 16656180 (impresa)
022 ## - INTERNATIONAL STANDARD SERIAL NUMBER
International Standard Serial Number 20071094 (en línea)
040 ## - CATALOGING SOURCE
Transcribing agency AR-FvUNAJ
245 10 - TITLE STATEMENT
Title Apertura /
Statement of responsibility, etc Centro Universitario de Guadalajara
260 ## - PUBLICATION, DISTRIBUTION, ETC. (IMPRINT)
Place of publication, distribution, etc Guadalajara :
Name of publisher, distributor, etc CUGDL,
Date of publication, distribution, etc 1991 -
300 ## - PHYSICAL DESCRIPTION
Extent Impresa y digital
362 ## - DATES OF PUBLICATION AND/OR SEQUENTIAL DESIGNATION
Dates of publication and/or sequential designation Primera época, No. 1 (ago 1991) -
515 ## - NUMBERING PECULIARITIES NOTE
Numbering peculiarities note La revista deja de denominarse Boletín al inicio de su Nueva época con el No. 10 (abr 2009) para finalmente comenzar una nueva correlatividad con el Vol. 1, No. 1 (2009).
520 2# - SUMMARY, ETC.
Summary, etc Apertura es una publicación semestral de investigación y difusión científica especializada en innovación educativa en ambientes virtuales. Publica trabajos de investigación originales, inéditos y actuales en español, inglés y portugués, revisados por pares a doble ciego.<br/>La revista está dirigida a la comunidad científica del área de innovación educativa en ambientes virtuales, y a todo el público interesado en el tema.<br/>La finalidad de Apertura es promover la comunicación científica y el debate académico en el campo de la educación virtual, en línea, a distancia y en modalidades de educación no convencionales involucradas con la tecnología educativa; por lo que se encarga de difundir resultados de investigaciones sobre educación, narraciones de experiencias argumentativas en innovación educativa, así como artículos que propicien el debate sobre temas en el ámbito de la educación en ambientes virtuales de aprendizaje.
650 27 - SUBJECT ADDED ENTRY--TOPICAL TERM
Source of heading or term unescot
9 (RLIN) 4086
Topical term or geographic name as entry element APRENDIZAJE EN LINEA
650 27 - SUBJECT ADDED ENTRY--TOPICAL TERM
Source of heading or term unescot
9 (RLIN) 4083
Topical term or geographic name as entry element EDUCACION A DISTANCIA
650 27 - SUBJECT ADDED ENTRY--TOPICAL TERM
Source of heading or term unescot
9 (RLIN) 13168
Topical term or geographic name as entry element TECNOLOGIA EDUCACIONAL
650 27 - SUBJECT ADDED ENTRY--TOPICAL TERM
Source of heading or term unescot
9 (RLIN) 5102
Topical term or geographic name as entry element INTELIGENCIA ARTIFICIAL
710 2# - ADDED ENTRY--CORPORATE NAME
9 (RLIN) 22077
Corporate name or jurisdiction name as entry element Universidad de Gualadajara
Subordinate unit Centro Universitario de Guadalajara
856 41 - ELECTRONIC LOCATION AND ACCESS
Uniform Resource Identifier <a href="http://www.udgvirtual.udg.mx/apertura/index.php/apertura/index">http://www.udgvirtual.udg.mx/apertura/index.php/apertura/index</a>
856 41 - ELECTRONIC LOCATION AND ACCESS
Uniform Resource Identifier <a href="http://www.udgvirtual.udg.mx/apertura/index.php/apertura/article/view/15/18">http://www.udgvirtual.udg.mx/apertura/index.php/apertura/article/view/15/18</a>
Link text La comunicación y la interacción en contextos virtuales de aprendizaje.
869 ## - Existencias
Año ----
942 ## - ADDED ENTRY ELEMENTS (KOHA)
Source of classification or shelving scheme Dewey Decimal Classification
Item type Revista o publicación periódica
980 ## - EQUIVALENCE OR CROSS-REFERENCE-SERIES STATEMENT--PERSONAL NAME/TITLE [LOCAL, CANADA]
Linkage 19227
Personal name Leticia Ana Abalos
Field link and sequence number 19227
Miscellaneous information Leticia Ana Abalos
Holdings
Withdrawn status Lost status Source of classification or shelving scheme Damaged status Not for loan Collection code Home library Current library Date acquired Total Checkouts Date last seen Uniform Resource Identifier Price effective from Koha item type Serial Enumeration / chronology
    Dewey Decimal Classification   Acceso en línea Revistas Biblioteca Central Biblioteca Central 29/12/2025   29/12/2025 http://www.udgvirtual.udg.mx/apertura/index.php/apertura/issue/archive 29/12/2025 Revista o publicación periódica  
    Dewey Decimal Classification   Acceso en línea Revistas Biblioteca Central Biblioteca Central 29/12/2025   29/12/2025 http://www.udgvirtual.udg.mx/apertura/index.php/apertura/issue/view/9 29/12/2025 Revista o publicación periódica Vol. 1, No. 1 (2009)

Lunes a Viernes 8:30 a 19:00 hs. Cerrado por mudanza
Av.Calchaqui 6200 Florencio Varela (CP188) 2°piso Edificio Mosconi Aula 209-210
Mail: bibliotecacentralunaj@gmail.com  
Whatsapp(54 9)1122668024    ❔Pregunte a la bibliotecaria
© Universidad Nacional Arturo Jauretche | Secretaría Académica | Biblioteca Central UNAJ